[Event "14th IPCA WORLD INDIVIDUAL CHESS CH 201"]
[Site "Apatin - Banja Junakovic"]
[Date "2014.09.17"]
[Round "2.13"]
[White "Diachina, Olga"]
[Black "Moskvin, Anatoly"]
[Result "0-1"]
[WhiteElo "1607"]
[BlackElo "1870"]
[PlyCount "36"]
[EventDate "2014.09.16"]

1. e4 e5 2. Nc3 Nc6 3. f4 Bc5 4. Nf3 d6 5. Bb5 Bg4 6. d3 a6 7. Bxc6+ bxc6 8.
Rf1 Nf6 9. Qe2 Rb8 10. Na4 Ba7 11. Be3 Bxe3 12. Qxe3 Bxf3 13. Rxf3 Ng4 14. Qe2
Qh4+ 15. Kd2 Nxh2 16. Rh3 Qxf4+ 17. Qe3 Nf1+ 18. Rxf1 Qxf1 0-1

[Event "14th IPCA WORLD INDIVIDUAL CHESS CH 201"]
[Site "Apatin - Banja Junakovic"]
[Date "2014.09.17"]
[Round "2.14"]
[White "Tocklin, Tomi"]
[Black "Aristov, Pavel"]
[Result "1-0"]
[WhiteElo "1859"]
[BlackElo "1552"]
[PlyCount "47"]
[EventDate "2014.09.16"]

1. e4 c6 2. d4 d5 3. exd5 cxd5 4. c4 Nf6 5. Nc3 Nc6 6. Bg5 dxc4 7. d5 Ne5 8.
Nf3 Bg4 9. Qa4+ Bd7 10. Qd1 Bg4 11. Be2 Bxf3 12. gxf3 Qb6 13. Qa4+ Nfd7 14. Qb5
Rc8 15. Qxb6 Nxb6 16. Be3 Ned7 17. O-O-O g6 18. Bd4 f6 19. f4 Bg7 20. Bg4 Rd8
21. Be6 Nf8 22. Nb5 Nxd5 23. Bxd5 a6 24. Nc3 1-0

[Event "14th IPCA WORLD INDIVIDUAL CHESS CH 201"]
[Site "Apatin - Banja Junakovic"]
[Date "2014.09.17"]
[Round "2.15"]
[White "Konkolova, Nikola"]
[Black "Kestlane, Harry"]
[Result "0-1"]
[WhiteElo "1485"]
[BlackElo "1843"]
[PlyCount "124"]
[EventDate "2014.09.16"]

1. e4 e5 2. Nf3 Nf6 3. Nxe5 d6 4. Nf3 Nxe4 5. Qe2 Qe7 6. d3 Nf6 7. Bg5 Qxe2+ 8.
Bxe2 Be7 9. Nc3 c6 10. O-O-O h6 11. Be3 Ng4 12. h3 Nxe3 13. fxe3 O-O 14. Rhf1
b5 15. Rde1 b4 16. Nd1 Nd7 17. d4 Nf6 18. Bd3 Nh5 19. g4 Nf4 20. Rg1 Nd5 21.
Be4 Bd7 22. Bxd5 cxd5 23. b3 a5 24. Kb2 a4 25. Nf2 axb3 26. axb3 Rfc8 27. Ra1
Bf6 28. Rxa8 Rxa8 29. Nd3 Re8 30. Re1 Rb8 31. Ra1 Bb5 32. Nf4 Bc6 33. Nh5 Be7
34. Ra6 Bb5 35. Ra1 Be2 36. Nd2 Bg5 37. Nf4 Bxf4 38. exf4 Rb6 39. Ra8+ Kh7 40.
Re8 Bb5 41. Re7 Kg6 42. h4 Kf6 43. Re1 Bd7 44. f5 h5 45. gxh5 Bxf5 46. Nf3 Rc6
47. Ng5 Rxc2+ 48. Ka1 Rd2 49. Rf1 Rxd4 50. Nxf7 Rxh4 51. Nxd6 Rxh5 52. Ne8+ Kg6
53. Rg1+ Rg5 54. Rxg5+ Kxg5 55. Nxg7 Bd7 56. Kb2 Kg6 57. Kc2 Kxg7 58. Kd3 Kf6
59. Kd4 Ke6 60. Kc5 Ke5 61. Kxb4 d4 62. Kc4 Ke4 0-1

[Event "14th IPCA WORLD INDIVIDUAL CHESS CH 201"]
[Site "Apatin - Banja Junakovic"]
[Date "2014.09.17"]
[Round "2.16"]
[White "Kaydanovich, Marina"]
[Black "Sataeva, Lana"]
[Result "1-0"]
[WhiteElo "1824"]
[BlackElo "1483"]
[PlyCount "101"]
[EventDate "2014.09.16"]

1. d4 d5 2. c4 dxc4 3. e3 c5 4. d5 e6 5. Bxc4 Nf6 6. Nc3 Bd6 7. Nf3 O-O 8. dxe6
Bxe6 9. Bxe6 fxe6 10. O-O Nc6 11. Qb3 Qe7 12. Nb5 Na5 13. Qa4 b6 14. Nxd6 Qxd6
15. Bd2 Nc6 16. Bc3 Nd5 17. Rad1 Nce7 18. Qg4 g6 19. Qg5 Qc6 20. Be5 Rf7 21. e4
Nc7 22. Bd6 Ncd5 23. Ne5 Qxd6 24. Nxf7 Kxf7 25. exd5 exd5 26. Rfe1 Nf5 27. g4
Nd4 28. Rd3 Rd8 29. h4 a6 30. Re5 b5 31. Rde3 Rd7 32. Qh6 Qxe5 33. Rxe5 Nf3+
34. Kg2 Nxe5 35. Qxh7+ Ke6 36. Qg8+ Kd6 37. f4 Nd3 38. Qxg6+ Kc7 39. Qxd3 c4
40. Qd4 Kc6 41. h5 b4 42. h6 Kb5 43. g5 a5 44. g6 Ka4 45. h7 b3 46. axb3+ Kxb3
47. h8=Q Kb4 48. Qf8+ Kb5 49. Qfc5+ Ka4 50. Qc3 d4 51. Q5xa5# 1-0

[Event "14th IPCA WORLD INDIVIDUAL CHESS CH 201"]
[Site "Apatin - Banja Junakovic"]
[Date "2014.09.17"]
[Round "3.1"]
[White "Obodchuk, Andrei"]
[Black "Valenta, Vit"]
[Result "0-1"]
[WhiteElo "2370"]
[BlackElo "2134"]
[PlyCount "122"]
[EventDate "2014.09.16"]

1. Nf3 Nf6 2. c4 d6 3. d4 Nbd7 4. Nc3 e5 5. e4 g6 6. Be2 Bg7 7. O-O O-O 8. Re1
Re8 9. Bf1 c6 10. d5 c5 11. Rb1 Nh5 12. g3 Nb6 13. a3 a5 14. b4 Nd7 15. Nb5 Bf8
16. bxa5 Rxa5 17. Bd2 Ra6 18. a4 Ng7 19. Nc3 Nb6 20. Qb3 f6 21. Rb2 Re7 22.
Reb1 Rf7 23. Qc2 Na8 24. Bd3 Nc7 25. Qc1 Ra8 26. Ne1 Na6 27. f4 Nb4 28. Bf1
exf4 29. gxf4 Qd7 30. Qd1 Qg4+ 31. Qxg4 Bxg4 32. Nd3 Nxd3 33. Bxd3 Bc8 34. Re1
Ne8 35. Bc2 Bg7 36. Rbb1 Re7 37. Nb5 Kf7 38. Bc3 Bh6 39. Rf1 Bh3 40. Rf2 Bc8
41. Re1 Kg8 42. Kg2 Bg7 43. Kg3 Bd7 44. h4 Ra6 45. Rh2 Ra8 46. Kf3 Kf7 47. h5
Kg8 48. hxg6 hxg6 49. Rg2 Kf7 50. Reg1 f5 51. Bxg7 Bxb5 52. cxb5 Nxg7 53. exf5
Rae8 54. Rxg6 Re3+ 55. Kg4 Rh8 56. Rxd6 Ne8 57. Rg6 Nf6+ 58. Rxf6+ Kxf6 59. Rc1
Rg8+ 60. Kh4 Re2 61. Kh3 Re7 0-1

[Event "14th IPCA WORLD INDIVIDUAL CHESS CH 201"]
[Site "Apatin - Banja Junakovic"]
[Date "2014.09.17"]
[Round "3.2"]
[White "Venkata, Krishna Karthik K"]
[Black "Yarmonov, Igor"]
[Result "0-1"]
[WhiteElo "1967"]
[BlackElo "2361"]
[PlyCount "138"]
[EventDate "2014.09.16"]

1. e4 e5 2. Nf3 Nc6 3. d4 exd4 4. Nxd4 Qh4 5. Nb5 Bc5 6. Qe2 Nd4 7. Nxd4 Bxd4
8. c3 Bb6 9. g3 Qe7 10. Bg2 d6 11. Be3 Nf6 12. Nd2 O-O 13. O-O Re8 14. h3 Bd7
15. Rae1 Bc6 16. Bd4 Nd7 17. f4 f6 18. b4 a6 19. Nb3 Qf7 20. Bxb6 Bb5 21. Qf2
Nxb6 22. Nd4 Bxf1 23. Bxf1 a5 24. b5 Na4 25. Nf5 Kh8 26. Qd4 Nc5 27. Bc4 Qg6
28. g4 Rf8 29. Kg2 Rad8 30. Kf3 Qe8 31. h4 g6 32. Ng3 Qe7 33. h5 d5 34. hxg6
dxc4 35. g7+ Qxg7 36. Qxc5 Rg8 37. Qf5 Rd3+ 38. Kf2 Qxg4 39. Qxf6+ Qg7 40.
Qxg7+ Rxg7 41. Nh5 Re7 42. e5 Rh3 43. Nf6 c6 44. bxc6 bxc6 45. Ne4 Kg7 46. Nd6
Kf8 47. f5 Rxc3 48. e6 Rd3 49. Nxc4 Kg7 50. Ne5 Rd5 51. Nxc6 Rxf5+ 52. Kg3 Re8
53. Re4 Kf6 54. e7 Rc5 55. Rf4+ Ke6 56. Nd4+ Kxe7 57. Nf5+ Kd7 58. Rd4+ Kc6 59.
Rd6+ Kb5 60. Nd4+ Ka4 61. Nb3 Rg5+ 62. Kf4 Ree5 63. Rd4+ Ka3 64. Rd2 Rgf5+ 65.
Kg4 h5+ 66. Kg3 Re4 67. Nd4 h4+ 68. Kh3 Rc5 69. Nc2+ Kxa2 0-1

[Event "14th IPCA WORLD INDIVIDUAL CHESS CH 201"]
[Site "Apatin - Banja Junakovic"]
[Date "2014.09.17"]
[Round "3.4"]
[White "Vovk, Viktor"]
[Black "Tsapalin, Sergey"]
[Result "1/2-1/2"]
[WhiteElo "2172"]
[BlackElo "1987"]
[PlyCount "84"]
[EventDate "2014.09.16"]

1. e4 c5 2. b3 Nc6 3. Bb2 e5 4. Nc3 Nf6 5. f4 d6 6. Bb5 Bd7 7. Nf3 exf4 8. d4
cxd4 9. Nxd4 Be7 10. Bxc6 bxc6 11. Qf3 O-O 12. Nde2 d5 13. exd5 Nxd5 14. Nxd5
cxd5 15. O-O Bb5 16. Rad1 Qb6+ 17. Kh1 Qe3 18. Qg4 g6 19. c4 h5 20. Qxf4 Qxf4
21. Rxf4 dxc4 22. bxc4 Ba4 23. Rdf1 Rab8 24. Be5 Rbe8 25. Nc3 Bc6 26. Bd4 a6
27. Ne4 f5 28. Nc5 Bxc5 29. Bxc5 Rf6 30. h4 Rfe6 31. Kh2 Re2 32. R1f2 R8e4 33.
Kg3 Rxf4 34. Kxf4 Re4+ 35. Kg5 Rxc4 36. Bd6 Kf7 37. Bf4 a5 38. Rd2 a4 39. Rd6
Be8 40. a3 Ke7 41. Ra6 Rc3 42. g3 Rd3 1/2-1/2

[Event "14th IPCA WORLD INDIVIDUAL CHESS CH 201"]
[Site "Apatin - Banja Junakovic"]
[Date "2014.09.17"]
[Round "3.5"]
[White "Kozhabekov, Adilkhan"]
[Black "Zavarsky, Juraj"]
[Result "1-0"]
[WhiteElo "2103"]
[BlackElo "2012"]
[PlyCount "75"]
[EventDate "2014.09.16"]

1. d4 Nf6 2. Nf3 g6 3. g3 Bg7 4. Bg2 d6 5. O-O O-O 6. c4 Nbd7 7. Nc3 e5 8. e4
exd4 9. Nxd4 Ng4 10. Nc2 Nb6 11. Qe2 Be6 12. Nd5 Nxc4 13. Qxc4 c6 14. Qb4 cxd5
15. exd5 Bf5 16. Ne3 Nxe3 17. Bxe3 Qd7 18. Rfc1 Rfd8 19. a4 Be5 20. a5 a6 21.
Bf1 Rac8 22. Qb6 Rxc1 23. Rxc1 Rc8 24. Rxc8+ Qxc8 25. f4 Bg7 26. Qxd6 Bxb2 27.
Bc5 Bg7 28. Qb6 h5 29. d6 Bf8 30. Bg2 h4 31. Bd5 Qe8 32. Kf2 Qa4 33. Qb3 Qxa5
34. Bxf7+ Kh7 35. Be3 Bxd6 36. Bg8+ Kh6 37. g4 Be4 38. Qf7 1-0

[Event "14th IPCA WORLD INDIVIDUAL CHESS CH 201"]
[Site "Apatin - Banja Junakovic"]
[Date "2014.09.17"]
[Round "3.6"]
[White "Aleksandrova, Aleksandra"]
[Black "Balberov, Alexander"]
[Result "0-1"]
[WhiteElo "1947"]
[BlackElo "2380"]
[PlyCount "34"]
[EventDate "2014.09.16"]

1. d4 Nf6 2. Nf3 e6 3. Nbd2 c5 4. e4 d5 5. exd5 Qxd5 6. c4 Qd8 7. d5 Be7 8. Qb3
Qb6 9. Qxb6 axb6 10. dxe6 Bxe6 11. Bd3 Nc6 12. b3 Rd8 13. Ke2 O-O 14. Bb2 Rfe8
15. Bb1 Nh5 16. Kf1 Nf4 17. g3 Bh3+ 0-1

[Event "14th IPCA WORLD INDIVIDUAL CHESS CH 201"]
[Site "Apatin - Banja Junakovic"]
[Date "2014.09.17"]
[Round "3.7"]
[White "Vodyasov, Evgeny"]
[Black "Jennitha, Anto K"]
[Result "1/2-1/2"]
[WhiteElo "2220"]
[BlackElo "1953"]
[PlyCount "40"]
[EventDate "2014.09.16"]

1. d4 Nf6 2. Nf3 e6 3. e3 b6 4. Bd3 Bb7 5. Nbd2 d5 6. O-O Be7 7. b3 O-O 8. Bb2
Nbd7 9. Qe2 Ne4 10. Rad1 Ndf6 11. c4 Nxd2 12. Rxd2 Ne4 13. Rc2 c5 14. Rd1 Bd6
15. cxd5 exd5 16. dxc5 bxc5 17. Be5 f5 18. Ba6 Bc6 19. Bb5 Bb7 20. Ba6 Bc6
1/2-1/2

[Event "14th IPCA WORLD INDIVIDUAL CHESS CH 201"]
[Site "Apatin - Banja Junakovic"]
[Date "2014.09.17"]
[Round "3.8"]
[White "Moskvin, Anatoly"]
[Black "Kovacevic, Krsto"]
[Result "0-1"]
[WhiteElo "1870"]
[BlackElo "2068"]
[PlyCount "68"]
[EventDate "2014.09.16"]

1. e4 c5 2. Nc3 Nc6 3. g3 g6 4. Bg2 Bg7 5. d3 d6 6. Be3 e5 7. Nh3 Nge7 8. O-O
O-O 9. f4 Bxh3 10. Bxh3 exf4 11. gxf4 f5 12. Ne2 b6 13. c3 Qc7 14. Ng3 Rae8 15.
Qf3 Kh8 16. Rae1 fxe4 17. dxe4 Ng8 18. Bc1 Nf6 19. e5 dxe5 20. f5 e4 21. Nxe4
Ne5 22. Qg3 Nh5 23. Qh4 Nd3 24. fxg6 hxg6 25. Rd1 Nxc1 26. Rxc1 Rf4 27. Qg5
Rfxe4 28. Bg2 Re2 29. Rcd1 Qe5 30. Qxg6 Nf4 31. Rxf4 Qxf4 32. Rf1 Qh6 33. Qf7
Qg5 34. Qf3 Qe3+ 0-1

[Event "14th IPCA WORLD INDIVIDUAL CHESS CH 201"]
[Site "Apatin - Banja Junakovic"]
[Date "2014.09.17"]
[Round "3.9"]
[White "Strekalovski, Viktor"]
[Black "Ursic, Aleksander"]
[Result "0-1"]
[WhiteElo "2057"]
[BlackElo "1939"]
[PlyCount "63"]
[EventDate "2014.09.16"]

1. b3 e5 2. Bb2 d6 3. e3 Be6 4. Nf3 f5 5. Be2 Be7 6. h4 Bf6 7. d4 e4 8. Ng1 Ne7
9. g3 c5 10. c3 Nbc6 11. Nh3 O-O 12. Nd2 Rc8 13. Nf4 Bf7 14. O-O Ng6 15. dxc5
dxc5 16. Nc4 Nxf4 17. exf4 Qe7 18. Ne3 Be6 19. Qe1 Rfd8 20. Rd1 Rxd1 21. Qxd1
Rd8 22. Qc2 h6 23. Rd1 g5 24. Rxd8+ Qxd8 25. g4 gxf4 26. gxf5 fxe3 27. fxe6
exf2+ 28. Kf1 Bxh4 29. Qxe4 Qg5 30. Bc4 Qg1+ 31. Ke2 f1=Q+ 32. Kd2 0-1

[Event "14th IPCA WORLD INDIVIDUAL CHESS CH 201"]
[Site "Apatin - Banja Junakovic"]
[Date "2014.09.17"]
[Round "3.10"]
[White "Kestlane, Harry"]
[Black "Tersinsev, Andrey"]
[Result "0-1"]
[WhiteElo "1843"]
[BlackElo "2043"]
[PlyCount "54"]
[EventDate "2014.09.16"]

1. e4 c5 2. Nf3 Nc6 3. d4 cxd4 4. Nxd4 e5 5. Nb5 d6 6. N1c3 a6 7. Na3 b5 8. Nd5
Nce7 9. Be2 Nxd5 10. exd5 f5 11. f4 Nf6 12. O-O Ne4 13. Be3 Be7 14. c4 exf4 15.
Bd4 O-O 16. cxb5 Bf6 17. Rxf4 Be5 18. Rf3 f4 19. Nc4 Bg4 20. Bxe5 dxe5 21. Ra3
Bxe2 22. Qxe2 Qxd5 23. Kh1 Qd4 24. Rf1 axb5 25. Rxa8 Rxa8 26. Na3 Ra6 27. Qxb5
Ng3+ 0-1

[Event "14th IPCA WORLD INDIVIDUAL CHESS CH 201"]
[Site "Apatin - Banja Junakovic"]
[Date "2014.09.17"]
[Round "3.11"]
[White "Linqvist, Grels"]
[Black "Tocklin, Tomi"]
[Result "1-0"]
[WhiteElo "2026"]
[BlackElo "1859"]
[PlyCount "51"]
[EventDate "2014.09.16"]

1. c4 Nf6 2. Nf3 g6 3. d4 c5 4. Nc3 cxd4 5. Nxd4 Nc6 6. Nc2 Bg7 7. e4 O-O 8.
Be2 b6 9. O-O Bb7 10. f3 Rc8 11. Bd2 d6 12. Rc1 Ne8 13. Kh1 Nc7 14. Qe1 Ne6 15.
Be3 Ned4 16. Nxd4 Nxd4 17. Qf2 Nxe2 18. Qxe2 Qc7 19. b3 Qb8 20. Qd2 Rfd8 21.
Rc2 Bc6 22. Rfc1 a6 23. Nd5 Bxd5 24. cxd5 b5 25. Rc6 Qb7 26. Qa5 1-0

[Event "14th IPCA WORLD INDIVIDUAL CHESS CH 201"]
[Site "Apatin - Banja Junakovic"]
[Date "2014.09.17"]
[Round "3.12"]
[White "Sergeeva, Anna"]
[Black "Denisov, Denis"]
[Result "0-1"]
[WhiteElo "1274"]
[BlackElo "1995"]
[PlyCount "70"]
[EventDate "2014.09.16"]

1. e4 c5 2. Nf3 d6 3. Nc3 Nf6 4. Bc4 e6 5. O-O Be7 6. d4 cxd4 7. Bb5+ Nbd7 8.
Nxd4 O-O 9. Re1 a6 10. Bxd7 Qxd7 11. e5 dxe5 12. Rxe5 Rd8 13. Be3 Bd6 14. Ra5
b6 15. Ra4 Qc7 16. Qd3 Bxh2+ 17. Kf1 Bb7 18. Rc4 Qe7 19. Na4 b5 20. Rc3 bxa4
21. g3 e5 22. Nf5 Qe6 23. Nxg7 Qh3+ 24. Ke2 Rxd3 25. cxd3 Kxg7 26. Rc7 Qg2 27.
Rac1 Bxg3 28. Re1 Qf3+ 29. Kd2 Nd5 30. Rcc1 Nxe3 31. Rg1 Qxf2+ 32. Kc3 Rc8+ 33.
Kb4 Qxb2+ 34. Kxa4 Qxa2+ 35. Kb4 Nd5# 0-1

[Event "14th IPCA WORLD INDIVIDUAL CHESS CH 201"]
[Site "Apatin - Banja Junakovic"]
[Date "2014.09.17"]
[Round "3.13"]
[White "Melnik, Galina"]
[Black "Kaydanovich, Marina"]
[Result "1-0"]
[WhiteElo "1971"]
[BlackElo "1824"]
[PlyCount "52"]
[EventDate "2014.09.16"]

1. d4 d5 2. Nf3 Nf6 3. c4 e6 4. Nc3 c6 5. e3 Bd6 6. Qc2 Nbd7 7. Bd3 e5 8. cxd5
cxd5 9. dxe5 Nxe5 10. Nxe5 Bxe5 11. Bd2 O-O 12. O-O Bxh2+ 13. Kxh2 Ng4+ 14. Kg3
h5 15. Rh1 g6 16. f4 b6 17. Nb5 a6 18. Nd4 Re8 19. Rae1 Kg7 20. Nc6 Qd6 21.
Bc3+ Kh6 22. Ne5 Qe6 23. Qe2 Nxe5 24. Bxe5 f6 25. Bd4 Ra7 26. Bxg6 Kxg6 1-0

[Event "14th IPCA WORLD INDIVIDUAL CHESS CH 201"]
[Site "Apatin - Banja Junakovic"]
[Date "2014.09.17"]
[Round "3.14"]
[White "Kurochkina, Elena"]
[Black "Diachina, Olga"]
[Result "1-0"]
[WhiteElo "1768"]
[BlackElo "1607"]
[PlyCount "37"]
[EventDate "2014.09.16"]

1. d4 d6 2. c4 e5 3. Nc3 Nd7 4. e3 Be7 5. Nf3 Ngf6 6. Qc2 c6 7. Be2 Qc7 8. O-O
Nf8 9. h3 Ng6 10. b3 O-O 11. Bb2 Bd7 12. Rac1 Rac8 13. Ba3 h6 14. Qb1 Be6 15.
d5 cxd5 16. cxd5 Nxd5 17. Nxd5 Qa5 18. Nxe7+ Nxe7 19. Bxd6 1-0

[Event "14th IPCA WORLD INDIVIDUAL CHESS CH 201"]
[Site "Apatin - Banja Junakovic"]
[Date "2014.09.17"]
[Round "3.15"]
[White "Aristov, Pavel"]
[Black "Pilimon, Zbigniew"]
[Result "1-0"]
[WhiteElo "1552"]
[BlackElo "1706"]
[PlyCount "135"]
[EventDate "2014.09.16"]

1. e4 c5 2. Nc3 d6 3. f4 Nc6 4. Bb5 Bd7 5. Nf3 Nd4 6. Nxd4 cxd4 7. Bxd7+ Qxd7
8. Ne2 e5 9. d3 Be7 10. O-O Nf6 11. Qe1 Rc8 12. Qg3 Rxc2 13. Rf2 Ng4 14. fxe5
dxe5 15. Rf5 g6 16. Qxg4 gxf5 17. exf5 Rxe2 18. Qxe2 Qxf5 19. Bd2 O-O 20. Rc1
Bd6 21. Rf1 Qe6 22. Rf3 f5 23. Rg3+ Kh8 24. Qh5 Rf6 25. Qh4 e4 26. Rh3 Rf7 27.
Bh6 Be7 28. Qf4 Bd6 29. Qh4 Bc7 30. Bf4 Bxf4 31. Qxf4 Rf8 32. Qh4 Qg6 33. dxe4
fxe4 34. Qe7 Rf7 35. Qd8+ Kg7 36. Rg3 Qxg3 37. hxg3 d3 38. Qd4+ Kf8 39. Qxe4
Rd7 40. Qb4+ Ke8 41. Qd2 Kd8 42. Kf2 Kc7 43. Ke3 Kd8 44. Qa5+ b6 45. Qg5+ Kc8
46. Kd2 Kc7 47. Qe3 Kd8 48. Qxd3 Rxd3+ 49. Kxd3 Ke7 50. Ke4 Kf6 51. Kf4 Kg6 52.
Kg4 a6 53. a4 b5 54. axb5 axb5 55. b4 h6 56. Kh4 h5 57. g4 hxg4 58. Kxg4 Kf6
59. Kh5 Ke5 60. g4 Kd4 61. g5 Kc4 62. g6 Kxb4 63. g7 Kb3 64. g8=Q+ Kc3 65. Qa2
b4 66. Kg4 b3 67. Qb1 b2 68. Kf3 1-0

[Event "14th IPCA WORLD INDIVIDUAL CHESS CH 201"]
[Site "Apatin - Banja Junakovic"]
[Date "2014.09.17"]
[Round "3.16"]
[White "Riekkinen, Keijo"]
[Black "Konkolova, Nikola"]
[Result "1-0"]
[WhiteElo "1671"]
[BlackElo "1485"]
[PlyCount "129"]
[EventDate "2014.09.16"]

1. c4 e5 2. Nc3 Nf6 3. g3 Nc6 4. Bg2 d6 5. d3 g6 6. Bg5 Bg7 7. Nd5 h6 8. Bd2
Nxd5 9. cxd5 Ne7 10. Rb1 b6 11. Qc2 Bb7 12. e4 Rc8 13. Bh3 f5 14. g4 Nxd5 15.
exd5 Bxd5 16. f3 Qh4+ 17. Ke2 Rf8 18. gxf5 gxf5 19. Be1 Qh5 20. Bg2 e4 21. Rd1
Qg5 22. Kf1 e3 23. Nh3 Qe7 24. Nf4 Bf7 25. Bc3 Bxc3 26. bxc3 Rg8 27. Qe2 Qe5
28. Nh3 Kd7 29. d4 Qe6 30. d5 Qe5 31. c4 Rce8 32. f4 Qg7 33. Bf3 Qc3 34. Rg1
Rxg1+ 35. Nxg1 Qg7 36. Qd3 Qb2 37. Qe2 Qg7 38. Qc2 Qg6 39. Ne2 Qf6 40. Ng3 Bg6
41. Re1 Qh4 42. Qa4+ Kd8 43. c5 Qxh2 44. Nh1 Bh5 45. Qd1 Qh3+ 46. Bg2 e2+ 47.
Rxe2 Bxe2+ 48. Qxe2 Rxe2 49. Bxh3 Rxa2 50. cxd6 cxd6 51. Bxf5 Ra4 52. Be6 Rxf4+
53. Ke2 a5 54. Ke3 Rh4 55. Ng3 Rb4 56. Nf5 Kc7 57. Ng7 Kd8 58. Nf5 a4 59. Nxd6
a3 60. Nf7+ Ke8 61. d6 Rb3+ 62. Ke4 Rb4+ 63. Ke5 a2 64. d7+ Kf8 65. d8=Q+ 1-0

[Event "14th IPCA WORLD INDIVIDUAL CHESS CH 201"]
[Site "Apatin - Banja Junakovic"]
[Date "2014.09.18"]
[Round "4.1"]
[White "Yarmonov, Igor"]
[Black "Mikheev, Stanislav"]
[Result "1/2-1/2"]
[WhiteElo "2361"]
[BlackElo "2195"]
[PlyCount "48"]
[EventDate "2014.09.16"]

1. d4 Nf6 2. Nf3 g6 3. c4 Bg7 4. g3 O-O 5. Bg2 c6 6. O-O d5 7. cxd5 cxd5 8. Nc3
Ne4 9. Ne5 Nxc3 10. bxc3 Nc6 11. Nxc6 bxc6 12. Ba3 Ba6 13. Bc5 Re8 14. Re1 e5
15. e4 exd4 16. Bxd4 dxe4 17. Bxg7 Kxg7 18. Rxe4 Rxe4 19. Bxe4 Qf6 20. Qf3 Qxf3
21. Bxf3 Rd8 22. Rd1 Rxd1+ 23. Bxd1 Bc4 24. a3 Kf6 1/2-1/2

[Event "14th IPCA WORLD INDIVIDUAL CHESS CH 201"]
[Site "Apatin - Banja Junakovic"]
[Date "2014.09.18"]
[Round "4.2"]
[White "Valenta, Vit"]
[Black "Kozhabekov, Adilkhan"]
[Result "1-0"]
[WhiteElo "2134"]
[BlackElo "2103"]
[PlyCount "195"]
[EventDate "2014.09.16"]

1. b4 Nf6 2. Bb2 e6 3. a3 d5 4. e3 Be7 5. Nf3 O-O 6. Be2 c5 7. bxc5 Bxc5 8. O-O
b6 9. d3 Bb7 10. Nbd2 Nbd7 11. c4 Re8 12. cxd5 exd5 13. Nb3 Bf8 14. Qd2 a5 15.
Nfd4 a4 16. Nc1 Nc5 17. Na2 Bc8 18. Nb4 Bb7 19. Bf3 Bd6 20. g3 Qd7 21. Bg2 Rad8
22. Rab1 Be5 23. Ba1 Rb8 24. Qe2 Ba8 25. Qf3 Red8 26. Rfd1 Ne8 27. Ndc6 Bxc6
28. Bxe5 Rbc8 29. Bd4 Bb7 30. Qh5 Qd6 31. Bh3 Ra8 32. Be5 Qg6 33. Qxg6 hxg6 34.
Nc2 f6 35. Bd4 Bc8 36. Bg2 Rd6 37. Rxb6 Rxb6 38. Bxd5+ Be6 39. Bxa8 Ra6 40. Bf3
Nb3 41. Bb2 Rd6 42. Nd4 Bd7 43. Bc3 Nc7 44. Kg2 Kf7 45. Bb4 Ra6 46. Ne2 g5 47.
d4 f5 48. Nc3 g4 49. Be2 Rf6 50. Bc4+ Ke8 51. d5 Na6 52. Bxb3 axb3 53. Rb1 Rb6
54. Rxb3 Nc5 55. Rb1 Na4 56. Ne2 Rb5 57. Rd1 Nb6 58. d6 Bc6+ 59. Kf1 Nd5 60.
Nd4 Nxb4 61. axb4 Rd5 62. Rc1 Bd7 63. Rc5 Rxd6 64. Nxf5 Rd1+ 65. Ke2 Rb1 66.
Nxg7+ Kd8 67. Nh5 Rxb4 68. Nf4 Rb2+ 69. Kf1 Bb5+ 70. Kg2 Rb1 71. h3 Bf1+ 72.
Kh2 gxh3 73. Nxh3 Rb2 74. Rf5 Ba6 75. g4 Bc8 76. Rd5+ Ke7 77. Kg3 Rb1 78. f4
Re1 79. Re5+ Kf6 80. Nf2 Rg1+ 81. Kf3 Bb7+ 82. e4 Bc8 83. Rc5 Bb7 84. Rc7 Rb1
85. Rc3 Rf1 86. Rb3 Bxe4+ 87. Kxe4 Rxf2 88. Rb6+ Kf7 89. Kf5 Ra2 90. Rb7+ Kf8
91. g5 Ra5+ 92. Kg4 Ra6 93. Kh5 Ra5 94. Kh6 Ra1 95. f5 Ra6+ 96. f6 Ra1 97. Kg6
Ra8 98. Rh7 1-0

[Event "14th IPCA WORLD INDIVIDUAL CHESS CH 201"]
[Site "Apatin - Banja Junakovic"]
[Date "2014.09.18"]
[Round "4.3"]
[White "Balberov, Alexander"]
[Black "Melnik, Galina"]
[Result "1-0"]
[WhiteElo "2380"]
[BlackElo "1971"]
[PlyCount "46"]
[EventDate "2014.09.16"]

1. d4 d5 2. c4 e6 3. Nf3 Nf6 4. g3 c6 5. Qc2 Nbd7 6. Bg2 Bd6 7. Nbd2 O-O 8. O-O
e5 9. cxd5 cxd5 10. dxe5 Nxe5 11. Nxe5 Bxe5 12. Nf3 Bd6 13. b3 Be6 14. Bb2 Rc8
15. Qd3 Be7 16. Ng5 h6 17. Bxf6 hxg5 18. Bxe7 Qxe7 19. Qe3 Qa3 20. Qxg5 Rc2 21.
Bxd5 Bh3 22. Rfe1 Rxa2 23. Rad1 Qa5 1-0

[Event "14th IPCA WORLD INDIVIDUAL CHESS CH 201"]
[Site "Apatin - Banja Junakovic"]
[Date "2014.09.18"]
[Round "4.4"]
[White "Denisov, Denis"]
[Black "Obodchuk, Andrei"]
[Result "0-1"]
[WhiteElo "1995"]
[BlackElo "2370"]
[PlyCount "130"]
[EventDate "2014.09.16"]

1. e4 c5 2. Nf3 Nc6 3. Nc3 d6 4. d4 cxd4 5. Nxd4 Nf6 6. Bg5 e6 7. Qd2 a6 8.
O-O-O Bd7 9. f3 Be7 10. Kb1 h6 11. Be3 h5 12. Be2 Qc7 13. h3 h4 14. Qe1 b5 15.
a3 Rb8 16. f4 b4 17. Nxc6 Bxc6 18. axb4 Nxe4 19. Nxe4 Bxe4 20. Qc3 Qxc3 21.
bxc3 Bxg2 22. Rhg1 Bxh3 23. Bxa6 Bf6 24. Bd4 Ke7 25. Bxf6+ gxf6 26. Bd3 f5 27.
Rd2 Bg4 28. Rf2 d5 29. Rh1 h3 30. Kb2 Rhc8 31. Kb3 Rc7 32. c4 dxc4+ 33. Bxc4
Rd7 34. c3 Rbd8 35. Rhh2 f6 36. Bf1 Rh8 37. b5 Rd1 38. Kc2 Ra8 39. Bc4 Raa1 40.
Kb3 Kd6 41. Kb4 Rdb1+ 42. Rb2 Rxb2+ 43. Rxb2 Bf3 44. Rd2+ Ke7 45. b6 Bg2 46.
Bb5 Rb1+ 47. Kc5 Rxb5+ 48. Kxb5 h2 49. Rxg2 h1=Q 50. Rd2 Qc1 51. Rd4 Qxc3 52.
Rc4 Qb3+ 53. Rb4 Qd5+ 54. Ka6 Qa8+ 55. Kb5 e5 56. Ra4 Qxa4+ 57. Kxa4 Kd7 58.
Kb5 Kc8 59. Kc6 e4 60. Kd6 e3 61. Ke6 e2 62. Kxf5 e1=Q 63. Kxf6 Kd7 64. b7 Qb4
65. f5 Ke8 0-1

[Event "14th IPCA WORLD INDIVIDUAL CHESS CH 201"]
[Site "Apatin - Banja Junakovic"]
[Date "2014.09.18"]
[Round "4.5"]
[White "Ursic, Aleksander"]
[Black "Vovk, Viktor"]
[Result "1-0"]
[WhiteElo "1939"]
[BlackElo "2172"]
[PlyCount "81"]
[EventDate "2014.09.16"]

1. d4 Nf6 2. Nf3 g6 3. Bg5 Ne4 4. Bh4 Bg7 5. e3 O-O 6. c3 d5 7. Nbd2 Nd6 8. Bd3
c6 9. O-O Nf5 10. Bg5 h6 11. Bf4 Be6 12. b4 Nd7 13. Re1 a5 14. a3 Nd6 15. e4
dxe4 16. Nxe4 Nxe4 17. Bxe4 Bd5 18. Bd3 b5 19. Qe2 e6 20. Qe3 Kh7 21. h4 Nb6
22. h5 Bc4 23. Bc2 Nd5 24. Qd2 Nxf4 25. Qxf4 Bd5 26. Qg3 Qe8 27. Nh4 Kg8 28.
hxg6 f5 29. Nxf5 Rxf5 30. Bxf5 axb4 31. cxb4 Bxd4 32. Rad1 Bg7 33. Bxe6+ Bxe6
34. Rd6 Bf8 35. Rexe6 Qb8 36. Qf3 Ra7 37. Rxc6 Rd7 38. g3 Qd8 39. Rf6 Qb8 40.
Qf5 Qe8 41. Rxf8+ 1-0

[Event "14th IPCA WORLD INDIVIDUAL CHESS CH 201"]
[Site "Apatin - Banja Junakovic"]
[Date "2014.09.18"]
[Round "4.7"]
[White "Tersinsev, Andrey"]
[Black "Venkata, Krishna Karthik K"]
[Result "0-1"]
[WhiteElo "2043"]
[BlackElo "1967"]
[PlyCount "70"]
[EventDate "2014.09.16"]

1. d4 d5 2. c4 c6 3. Nf3 Nf6 4. e3 a6 5. a4 e6 6. Nc3 c5 7. cxd5 exd5 8. g3 Nc6
9. Bg2 Be6 10. O-O Be7 11. dxc5 Bxc5 12. Ne2 O-O 13. Nfd4 Bg4 14. Nxc6 bxc6 15.
Qc2 Bd6 16. h3 Bd7 17. Bd2 Qc8 18. Kh2 Bf5 19. Qd1 Ne4 20. Rc1 Qb7 21. Nd4 Nxd2
22. Qxd2 Bd7 23. Qc2 Rfc8 24. Rfd1 Rab8 25. Rb1 g6 26. e4 Qb4 27. Ne2 Be5 28.
Qd2 Bxb2 29. exd5 cxd5 30. Nf4 Bf5 31. Nxd5 Qxd2 32. Rxd2 Bxb1 33. Ne7+ Kg7 34.
Nxc8 Bc1 35. Rd8 Bf5 0-1